00243 a2200073 4500020001800000100001200018245008900030260005000119 a9789395664356 aSoni S. aभारताची उज्ज्वल विज्ञान परंपरा bBharatiya Vichar Sadhana Pune Prakashanc2024